000 00575nam a2200181Ia 4500
008 090123s9999 xx 000 0 und d
082 _b963
100 _aतेंडुलकर विजय
245 _aकावळ्यंाची शाळा
250 _a1
260 _bभागवत वा.पु.
300 _a79
600 _aतेंडुलकर विजय
630 _aकावळ्यंाची शाळा
700 _aतेंडुलकर विजय
730 _aकावळ्यंाची शाळा
942 _cBOOK
999 _c39049
_d39049